Deutsche Reichs- und Bundes- Kanzler - Statistiken

Allgemein
  • Dieses Quiz wurde 673 mal gespielt
    642 seit der letzten Aktualisierung
  • Das Durchschnittsergebnis liegt bei 13 aus 34
Antwortstatistiken
Partei Amtszeit Antwort % Korrekt
CDU 2005 - heute Angela Merkel
96%
NSDAP 1933 - 1945 Adolf Hitler
92%
CDU 1982 - 98 Helmut Kohl
91%
CDU 1949 - 63 Konrad Adenauer
91%
SPD 1998 - 2005 Gerhard Schröder
89%
SPD 1974 - 82 Helmut Schmidt
85%
SPD 1969 - 74 Willi Brandt
81%
parteilos 1871 - 1890 Otto von Bismarck
73%
CDU 1963 - 66 Ludwig Erhard
69%
CDU 1966 - 69 Kurt Georg Kiesinger
66%
FDP 1974 (9 Tage) Walter Scheel
44%
SPD 1918 - 1919 Friedrich Ebert
42%
NSDAP 1945 (2 Tage) Joseph Goebbels
40%
parteilos 1932 (7 Monate) Franz von Papen
39%
DVP 1923 (4 Monate) Gustav Stresemann
30%
parteilos 1932 - 1933 Kurt von Schleicher
30%
SPD 1920 (3 Monate) Hermann Müller
27%
SPD 1928 - 1930 Hermann Müller
27%
Zentrum 1930 - 1932 Heinrich Brüning
25%
parteilos 1918 (1 Monat) Max von Baden
24%
parteilos 1890 - 1894 Leo von Caprivi
19%
Zentrum 1923 - 1925 Wilhelm Marx
18%
Zentrum 1926 - 1928 Wilhelm Marx
18%
parteilos 1900 - 1909 Bernhard von Bülow
15%
parteilos 1894 - 1900 Chlodwig zu Hohenlohe-Schillingfürst
13%
SPD 1919 - 1920 Gustav Bauer
13%
parteilos 1922 - 1923 Wilhelm Cuno
13%
parteilos 1925 - 1926 Hans Luther
11%
parteilos 1917 (4 Monate) Georg Michaelis
10%
Zentrum 1921 - 1922 Joseph Wirth
9%
Zentrum 1917 - 1918 Georg von Hertling
7%
Zentrum 1920 - 1921 Konstantin Fehrenbach
7%
DDP 1926 (5 Tage) Otto Geßler
6%
parteilos 1909 - 1917 Theobald von Berthmann Hollweg
3%
Keine übereinstimmenden Quizze gefunden
Verteilung der Resultate
Anzahl Personen mit jedem Resultat
Perzentil nach korrekt beantworteten Fragen
Ihre Resultats-Entwicklung
Sie haben dieses Quiz seit der letzten Aktualisierung nicht gespielt